Statistics for Top 50 Most Visited Countries

Click here to take the quiz!

General Stats

  • This quiz has been taken 240 times
    (155 since last reset)
  • The average score is 42 of 50

Answer Stats

MillionsAnswer% Correct
90,2 milFrance
99%
38,1 milUnited Kingdom
98%
83,7 milSpain
97%
7,7 milBrazil
96%
17,9 milIndia
96%
32,3 milJapan
96%
51,2 milMexico
96%
76,9 milUnited States
96%
65,7 milChina
95%
13,5 milEgypt
95%
64,5 milItaly
95%
22,1 milCanada
94%
15,4 milPortugal
94%
7,4 milSweden
94%
8,6 milAustralia
93%
39,5 milGermany
93%
31,3 milGreece
93%
46,5 milTurkey
93%
39,8 milThailand
92%
8,8 milArgentina
91%
10,2 milSouth Africa
91%
24,6 milRussia
90%
17,5 milSouth Korea
89%
21,9 milPoland
88%
11,8 milSwitzerland
87%
18,0 milVietnam
87%
9,3 milBelgium
86%
20,1 milNetherlands
86%
16,7 milUnited Arab Emirates
86%
15,7 milIndonesia
85%
10,3 milIreland
85%
31,9 milAustria
83%
26,1 milMalaysia
83%
13,3 milDenmark
82%
16,1 milSaudi Arabia
81%
6,8 milChile
80%
14,7 milCzech Republic
80%
12,2 milUkraine
80%
12,9 milMorocco
79%
17,4 milCroatia
77%
15,1 milSingapore
77%
10,9 milRomania
76%
11,9 milTaiwan
75%
16,9 milHungary
70%
8,4 milBulgaria
63%
6,4 milCambodia
54%
9,7 milTunisia
51%
7,2 milDominican Republic
50%
11,0 milBelarus
39%
11,2 milBahrain
29%

Score Distribution

Percentile by Number Answered

Percent of People with Each Score

Your Score History

You have not taken this quiz since the last reset